Statistics for United States Football Team World Cup Starting XI

Click here to take the quiz!

General Stats

  • This quiz has been taken 433 times
    (316 since last reset)
  • The average score is 15 of 76

Answer Stats

Player% Correct
Christian Pulisic
90%
Landon Donovan
83%
Tim Howard
75%
Clint Dempsey
73%
Timothy Weah
70%
Weston McKennie
70%
Sergiño Dest
65%
Matt Turner
63%
Tyler Adams
57%
Claudio Reyna
52%
Antonee Robinson
51%
Walker Zimmerman
46%
Cobi Jones
45%
Jermaine Jones
45%
Michael Bradley
45%
Tim Ream
45%
Yunus Musah
43%
Fabian Johnson
40%
Jozy Altidore
38%
Josh Sargent
34%
Brad Friedel
32%
Alexi Lalas
30%
DaMarcus Beasley
28%
Kasey Keller
21%
Carlos Bocanegra
19%
Graham Zusi
16%
Brian McBride
15%
Geoff Cameron
15%
Kyle Beckerman
15%
Matt Besler
13%
Alejandro Bedoya
12%
Tony Meola
12%
Oguchi Onyewu
11%
Eddie Pope
10%
Joe-Max Moore
10%
Steve Cherundolo
10%
Tab Ramos
10%
Eric Wynalda
9%
Earnie Stewart
7%
Jay DeMerit
7%
Jeff Agoos
6%
John Harkes
6%
John O'Brien
6%
Marcelo Balboa
6%
Ricardo Clark
6%
Robbie Findley
6%
Joe Gaetjens
5%
Jonathan Bornstein
5%
Paul Caligiuri
5%
Walter Bahr
5%
Eddie Lewis
4%
Frankie Hejduk
4%
Pablo Mastroeni
4%
Thomas Dooley
4%
Bobby Convey
3%
David Regis
3%
Anthony Sanneh
2%
Bruce Murray
2%
Desmond Armstrong
2%
Ed Souza
2%
Harry Keough
2%
Joe Maca
2%
John Doyle
2%
John Souza
2%
Mike Burns
2%
Mike Windischmann
2%
Peter Vermes
2%
Brian Maisonneuve
1%
Charlie Colombo
1%
Ed McIlvenny
1%
Fernando Clavijo
1%
Frank Borghi
1%
Frank Wallace
1%
Gino Pariani
1%
Jimmy Banks
1%
Mike Sorber
1%

Score Distribution

Percentile by Number Answered

Percent of People with Each Score

Your Score History

You have not taken this quiz since the last reset